00631nam a22001817a 450000500170000001000160001702000260003302000230005903500140008203700130009608200150010910000160012424501140014026000450025427000640029930000360036350000500039920170117123045.0 a ENG-117081 a9780199465330c875.00 a0199465339c875.00 aEN-100613 bDBAD/PUB a338.109543 aRicha Kumar aRethinking revolutions :cby Richa Kumarbsoyabean, choupals, and the changing countryside in central India / bOxford University Pressc2016aNew Delhi aYMCA Library Building, 1 Jai Singh Road bNew Delhie110001 axii,398p.c22cm(Hb)bill (maps) aIncludes bibliographical references and index